LEADER 01503nam2-2200397li-450 001 990000213470203316 005 20180312154639.0 010 $a3-540-55444-0 035 $a0021347 035 $aUSA010021347 035 $a(ALEPH)000021347USA01 035 $a0021347 100 $a20001109d1992----km-y0itay0103----ba 101 0 $aeng 102 $aGW 200 1 $aErgodic theory and related topics III$eproceedings of the internatioanl conference held in Güstrow, Germany,October 22-27, 1990$fU. Krengel ... [et al.] (eds.) 210 $aBerlin [etc.]$cSpringer-Verlag$dcopyr. 1992 215 $a236 p.$cill.$d25 cm 225 2 $aLecture notes in mathematics$v1514 410 0$10010021263$12001$aLecture notes in mathematics$ea collection of informal reports and seminars$fedited by A. Dold, Heidelberg and B. Eckmann, Zürich 610 1 $acongressi$agustrov$a1990 610 1 $ateoria della misura$acongressi$a1990 676 $a51542$9Teoria della misura e della integrazione 702 1$aKrengel,$bUlrich 801 $aSistema bibliotecario di Ateneo dell' Università di Salerno$gRICA 912 $a990000213470203316 951 $a510 LNM (1514)$b0014436 CBS$c510$d00110486 959 $aBK 969 $aSCI 979 $c19920201 979 $c20001110$lUSA01$h1714 979 $aALANDI$b90$c20011203$lUSA01$h1454 979 $c20020403$lUSA01$h1629 979 $aPATRY$b90$c20040406$lUSA01$h1615 996 $aErgodic theory and related topics III$9262305 997 $aUNISA LEADER 01527nam 2200361Ia 450 001 996391290003316 005 20210104171914.0 035 $a(CKB)4940000000098319 035 $a(EEBO)2240861565 035 $a(OCoLC)ocn953793401e 035 $a(OCoLC)953793401 035 $a(EXLCZ)994940000000098319 100 $a20160720d1608 uy 0 101 0 $aeng 135 $aurbn||||a|bb| 200 10$aBy the Lord Deputie and Councell$b[electronic resource] $eArthure Chichester. Whereas Sir Cahire Odoghertie of Enishowen in the countie of Donegall knight, to whom the King Most Excellent Maiestie of his meere grace and mercie did lately giue both his life & his lands, which hee had [iu]stly forfeited by his former rebellion .. 210 $aPrinted at Dublin $cBy Iohn Franckton, printer to the Kings Most Excellent Maiestie$danno 1608 215 $a1 sheet ([1] p.) 300 $aTitle taken from caption and opening words of text. 300 $aReproduction of original in: Great Britain. Public Record Office. 330 $aeebo-0214 606 $aPolitical crimes and offenses$zIreland$vEarly works to 1800 606 $aTreason$zIreland$vEarly works to 1800 615 0$aPolitical crimes and offenses 615 0$aTreason 701 $aChichester of Belfast$b Arthur Chichester$cBaron,$f1563-1625.$01001977 702 $aFranckton$b John 801 0$bUMI 801 1$bUMI 906 $aBOOK 912 $a996391290003316 996 $aBy the Lord Deputie and Councell$92299726 997 $aUNISA